| 000 | 02027cam a22003857i 4500 | ||
|---|---|---|---|
| 999 |
_c527033 _d527033 |
||
| 001 | 17317248 | ||
| 003 | NUST | ||
| 005 | 20190720085245.0 | ||
| 008 | 120524s2010 ii a 001 0 eng | ||
| 010 | _a 2012419295 | ||
| 020 | _a9789386314680 | ||
| 038 | _aArshad | ||
| 040 |
_aDLC _beng _erda _cDLC |
||
| 042 | _apcc | ||
| 050 | 0 | 0 | _aMLCM 2016/40713 (Q) |
| 082 |
_a005.133 _bGAU |
||
| 100 | 1 |
_aGautam, Anju _918034 |
|
| 245 | 1 | 0 |
_aPROGRAMMING IN JAVA / _cAnju Gautam |
| 264 | 1 |
_aNew Delhi : _bRandom Publications, _c2017. |
|
| 300 |
_axvi, 296 pages : _billustrations ; _c25 cm |
||
| 336 |
_atext _btxt _2rdacontent |
||
| 337 |
_aunmediated _bn _2rdamedia |
||
| 338 |
_avolume _bnc _2rdacarrier |
||
| 500 | _aIncludes index. | ||
| 500 | _a"OXFORD HIGHER EDUCATION"--Cover. | ||
| 505 | 0 | _aChapter 1. Introduction to OOP -- Chapter 2. Getting started with Java -- Chapter 3. Java programming constructs -- Chapter 4. Classes and objects -- Chapter 5. Inheritance -- Chapter 6. Interfaces, packages, and enumeration -- Chapter 7. Exception, assertions, and logging -- Chapter 8. Multithreading in Java -- Chapter 9. Input/output, serialization -- Chapter 10. Java.util and generics -- Chapter 11. Network programming -- Chapter 12. Applet -- Chapter 13. Event handling in Java -- Chapter 14. Abstract window toolkit -- Chapter 15. Swing -- Chapter 16. Introduction to advanced Java. | |
| 650 | 0 |
_aJava (Computer program language) _98017 |
|
| 700 | 1 |
_aChoudhary, Saurabh, _eauthor. _918105 |
|
| 856 | 4 | 2 |
_3Contributor biographical information _uhttp://www.loc.gov/catdir/enhancements/fy1604/2012419295-b.html |
| 856 | 4 | 2 |
_3Publisher description _uhttp://www.loc.gov/catdir/enhancements/fy1604/2012419295-d.html |
| 856 | 4 | 1 |
_3Table of contents only _uhttp://www.loc.gov/catdir/enhancements/fy1604/2012419295-t.html |
| 906 |
_a7 _bcbc _corigres _d4 _encip _f20 _gy-gencatlg |
||
| 942 |
_2ddc _cBK |
||